| 000 | 01049nac a2200265 a 4500 | ||
|---|---|---|---|
| 003 | CO-PeBPM | ||
| 005 | 20250712225221.0 | ||
| 007 | ta | ||
| 008 | 250712s2012 ck a|||| |||| 00| j spa d | ||
| 020 | _aISBN: 9789583040146 | ||
| 040 |
_aCO-PeBPM _bspa _cCO-PeBPM _erda |
||
| 041 | _aspa | ||
| 082 | 0 | 4 |
_a(i) 926 W654B _222 |
| 100 | 1 |
_aBailey, Gerry _eautor |
|
| 245 | 1 | 0 |
_aEl planeador de los hermanos Wright _c/ Gerry Bailey, Karen Foster ; ilustradores Leighton Noyes, Karen Radford ; traductora Patricia Torres |
| 250 | _aPrimera edición | ||
| 260 |
_aBogotá, Colombia _b : Panamericana Editorial _c, 2012 |
||
| 300 |
_a36 páginas _bilustraciones a color _c25 centímetros |
||
| 600 | 1 | 4 |
_aWright, Orville, 1871-1948 - Literatura Infantil _2LEMB |
| 600 | 1 | 4 |
_aWright, Wilbur, 1867-1912 - Literatura Infantil _2LEMB |
| 650 | 1 | 4 |
_aAeronáutica - Estados Unidos - Literatura Infantil _2LEMB |
| 650 | 1 | 4 |
_aInventores - Estados Unidos - Biografías - Literatura Infantil _2LEMB |
| 765 | _aThe Wright brothers´glider | ||
| 942 |
_2ddc _cLITA _n0 |
||
| 999 |
_c61015 _d61015 |
||